000 00520nam a2200169 i 4500
001 95271
003 ES-MaACL
005 20230906181652.0
007 t|
008 050525s1967 sp ||||1| spa d
100 1 _aLyonnet, Stanislas.
_974956
245 1 3 _aLa historia de la salvación en la Carta a los Romanos /
_cStanislas Lyonnet; tradujo Luis Bittini, S. J.
260 _aSalamanca :
_bSígueme,
_c1967.
300 _a232 p. ;
_c22 cm.
700 1 _aBittini, Luis.
_929031
852 _aES-MaACL
_jC-32720
_bR.63576
999 _c95271
_d95271